| 000 | 00720nam a22001937a 4500 | ||
|---|---|---|---|
| 005 | 20251108173136.0 | ||
| 008 | 250721s2006 xx 000 0 ara d | ||
| 082 | 1 | 4 | _a697.93/روس |
| 100 | 1 | _aأبو الروس، إبراهيم يعقوب | |
| 245 | 1 | 0 | _aالنواحي الفنية و العملية في نظم التكييف و التبريد / |
| 246 | 1 | 3 | _aنظم التبريد (الأساسيات و الوحدات المتوسطة)\n |
| 264 | 1 |
_aعمان : _bمكتبة المجتمع العربي للنشر و التوزيع، _c2006. |
|
| 300 | _aج1 | ||
| 650 | 1 | 7 | _aالتبريد |
| 650 | 1 | 7 | _aأنظمة التبريد |
| 650 | 1 | 7 | _aتكييف الهواء |
| 942 |
_2ddc _cBK |
||
| 999 |
_c97036 _d97036 |
||